000 00476nam a22001937a 4500
003 MPLRDC
005 20220104123806.0
008 210129b ||||| |||| 00| 0 eng d
020 _a957-8703-19-8
082 _a435.49 CPL
100 _a蔡佩伦编著
245 _a西洋插花
_c
250 _a二版
260 _a
_b福利文化事业有限公司
_c1993
300 _b
490 _a新女性全书
650 _a观赏园艺--插花
942 _cBK
_o435.49 CPL
999 _c14232
_d14222